000 02819cam a22005174i 4500
003 PE-LiUPU
005 20250731173338.0
008 150706s2007 mau rb 000 0 eng d
020 _a9789004161610
035 _a(Sirsi) i9789004161610
040 _aPE-LiUPU
_bspa
_cPE-LiUPU
_erda
049 _aPRUA
082 0 4 _a224.1067
_bD36
_221
100 1 _aDe Jong, Matthijs J.,
_eautor.
245 1 0 _aIsaiah among the ancient near eastern prophets :
_ba comparative study of the earliest stages of the Isaiah tradition and the Neo-Assyrian prophecies /
_cMatthijs J. de Jong.
264 1 _aLeiden, Boston :
_bBrill,
_c2007.
300 _a522 páginas ;
_c25 centímetros.
336 _atext
_2rdacontent
337 _aunmediated
_2rdamedia
338 _avolume
_2rdacarrier
490 0 _aSupplements to vetus testamentum ;
_v117
504 _aIncluye bibliografía.
505 0 _aRecent developments in the study of first Isaiah -- Recent developments in the study of prophecy -- Aim and focus of the present study -- The Isaiah tradition in the Assyrian period -- Isaiah 6-8 -- Isaiah 28-32 -- The reset of first Isaiah -- The format of the Isaiah tradition in the Assyrian period -- The Assyrian prophecies -- Sources of Assyrian prophecies -- Characteristics of prophetic oracles -- Literary texts bearing a resemblance to prophecy -- Prophecy in its historical setting -- Historical events in Judah and prophecies from first Isaiah -- Historical events in Assyria and Assyrian prophecies -- Functions of the prophets -- Prophets in Assyria -- Isaiah among the prophets in Judah and Israel -- From prophecy to literature. The development of the Isaiah tradition in the seventh century -- Assyrian prophecy in literature -- Summary and conclusions.
526 _aSEG42
526 _aSEG41
526 _aSEG40
526 _aSEG39
526 _aP94
526 _aP87
526 _aP86
526 _aP85
526 _aP77
526 _aP76
526 _aP35
541 _g20081126230934D47324;
630 _aBiblia.
_pA.T.
_pIsaías
_xCrítica, interpretación, etc.
650 0 4 _aLiteratura asirio-babilónica
_xRelación con el Antiguo Testamento.
650 0 4 _aProfecías
_xEstudio comparativo.
650 0 4 _aReligión asiria.
910 _agl
_bjv
_clch
_d20090804
942 _2ddc
_cBOOK
949 _a224.1067 D36
_wDEWEY
_c1
_i59769
_d2016-6-24
_e2016-6-19
_lCCODEBUL1
_mBUL
_n2
_p136.00
_r0
_sY
_tBOOK
_u2015-7-6
_xTEOLOGIA
_PP85
_0COMPRA
_o.STAFF. Colección General
994 _aC0
_bPEPRU
596 _a1
999 _a224.1067 D36
_wDEWEY
_c49384
_i59769
_d49384
_e2016-6-19
_f2021-11-9
_g5
_lCCODEBUL1
_mBUL
_n2
_p136.00
_q5
_r0
_sY
_tBOOK
_u2015-7-6
_xTEOLOGIA
_PP85
_0COMPRA
_o.STAFF. Colección Teología
980 _81
_gALBERTO SANCHEZ Responsable de Automatización